Biblical Characters by Picture - Statistics

General Stats
  • This quiz has been taken 90 times
  • The average score is 10 of 15
Answer Stats
Picture Answer % Correct
Moses
99%
Adam and Eve
94%
Jesus Christ
93%
Abraham and Isaac
89%
Jonah
83%
Noah
83%
David
80%
Cain and Abel
76%
Saint Peter
65%
Pontius Pilate
61%
Holy Spirit
49%
Job
49%
Judas
49%
Mary Magdalene
31%
Queen of Sheba
19%
No matching quizzes found
Score Distribution
Percent of People with Each Score
Percentile by Number Answered
Your Score History
You have not taken this quiz